| 000 | 00854nam a2200265 b 4500 | ||
|---|---|---|---|
| 999 |
_c33656 _d33656 |
||
| 001 | bimo0002391546 | ||
| 003 | OSt | ||
| 005 | 20240220165503.0 | ||
| 008 | 061130s2022 mex spa | ||
| 020 | _a978-84-1106-026-4 | ||
| 040 |
_aSpMaBN _bspa _cBMC _erdc |
||
| 082 | _a611 | ||
| 082 | _a612 | ||
| 100 | 1 |
_94227 _aTortora, Gerard J. |
|
| 245 | 1 | 0 |
_aPrincipios de anatomía y fisiología _cGerard J. Tortora, Bryan Derrickson |
| 250 | _a15ª ed., 2ª reimp. | ||
| 260 |
_aMéxico, D.F. [etc.] _bMédica Panamericana _c2022 |
||
| 300 |
_aXVI, 1146, [35] p. _bil. col. y n. _c28 cm |
||
| 500 | _aIncluye índices | ||
| 594 | _1Traducción de: Principles of anatomy and physiology, 11th ed. | ||
| 650 | 2 | 4 |
_aAnatomía humana _94181 |
| 650 | 2 | 4 |
_aFisiología humana _9580 |
| 700 | 1 |
_94228 _aDerrickson, Bryan |
|
| 942 |
_2ddc _cBK _hprozim |
||